| 000 | 006300000a22001810004500 | ||
|---|---|---|---|
| 003 | MACL | ||
| 005 | 20160514130346.0 | ||
| 008 | 160514b xxu||||| |||| 00| 0 eng d | ||
| 040 |
_aMACL _cMACL |
||
| 041 | _aHindi | ||
| 082 | _a600 | ||
| 100 |
_aभटटाचार्य, शशांक _957008 |
||
| 245 |
_aमहान वैज्ञानिको के आविष्कार _cशशांक भटटाचार्य |
||
| 260 |
_bहेरीटेज पब्लिशिंग हाउस _c2010 _aजयपुर |
||
| 350 | _a125 | ||
| 650 |
_aTechnology Sci. _957009 |
||
| 942 |
_cHIN _k600/BHA _2ddc |
||
| 999 |
_c45483 _d45483 |
||